000 00512nam a2200193 a 4500
001 19710
003 CO-ViMGA
008 141112s2004 ck r 000 u spa d
020 _a9584205552
040 _aCO-ViMGA
_bspa
_cCO-ViMGA
082 0 4 _aCo863.44 C177t
100 1 _aCastro Caycedo, Germán
_928532
245 1 0 _aSin Tregua
260 _aBogotá :
_bEd. Planeta,
_c2003
300 _a252 p.
590 _aForma de adquisición : premio mincultura
650 1 4 _aNOVELA COLOMBIANA
_91193
942 _2ddc
_cBK
999 _c28845
_d28845